China /
La guía abre con una descripción geográfica de China y una introducción a su historia. La parte central describe siete itinerarios para conocer la riqueza patrimonial y cultural del país. Las dos secciones restantes ofrecen información práctica para los visitantes.
Сохранить в:
| Главный автор: | |
|---|---|
| Другие авторы: | |
| Формат: | |
| Язык: | испанский |
| Опубликовано: |
Madrid, España :
El País : Aguilar,
2008, c2008
|
| Редактирование: | 2a edición |
| Серии: | (Guías Visuales El País-Aguilar)
|
| Предметы: | |
| Метки: |
Нет меток, Требуется 1-ая метка записи!
|
MARC
| LEADER | 00000nam^a2200000^a^4500 | ||
|---|---|---|---|
| 001 | 000319881 | ||
| 005 | 20250521000000.0 | ||
| 008 | 090421 20082008 | ||
| 009 | 20260310113455.491 | ||
| 020 | |a 978-84-03-50577-3 | ||
| 037 | |a Acervo ITESO - Biblioteca | ||
| 041 | |a ESP | ||
| 082 | |a 915. 104 |b VIS | ||
| 100 | |a Ruiz, Elena |e (adaptación) | ||
| 245 | 1 | 0 | |a China / |c Adaptación de E. Ruiz ; coord. editorial de C.G. Barragán ; tr. por Alicia Frieyro. |
| 250 | |a 2a edición | ||
| 264 | 4 | |a Madrid, España : |b El País : |b Aguilar, |c 2008, c2008 | |
| 300 | |a 669 p. | ||
| 336 | |a texto |b txt |2 rdacontenido | ||
| 337 | |a sin mediación |b n |2 rdamedio | ||
| 338 | |a volumen |b nc |2 rdasoporte | ||
| 440 | 1 | |a (Guías Visuales El País-Aguilar) | |
| 500 | |a Traducción de: Eyewitness Travel Guide, China | ||
| 520 | |a La guía abre con una descripción geográfica de China y una introducción a su historia. La parte central describe siete itinerarios para conocer la riqueza patrimonial y cultural del país. Las dos secciones restantes ofrecen información práctica para los visitantes. | ||
| 649 | |a XX | ||
| 650 | |a Guías Turísticas | ||
| 650 | |a Museos y Galerías - |z China | ||
| 650 | |a Arquitectura China - |x Historia y Crítica | ||
| 650 | |a Arte Chino - |x Historia y Crítica | ||
| 650 | |a Fiestas - |z China | ||
| 650 | |a Prácticas Culturales - |z China | ||
| 650 | |a Cafeterías y Restaurantes - |z China | ||
| 650 | |a Hoteles - |z China | ||
| 650 | |a Ocio y Tiempo Libre - |z China | ||
| 650 | |a Turismo - |z China | ||
| 650 | |a China - |x Historia | ||
| 650 | |a China - |x Descripción - |x Guías Turísticas - |x Tema Principal | ||
| 700 | |a Barragán, Carmen G. |e (coordinación editorial) | ||
| 910 | |a Fondo General | ||
| 920 | |a Impresos - Libros | ||
| 930 | |a Obras de Referencia | ||
| 905 | |a 102 | ||
| 901 | |a 0500207067 |b IT2 |c REF |i C130407 |u 20250521 | ||
| 902 | |a https://opac.biblio.iteso.mx/vufind/Record/000319881 | ||